00742 2200241 4500001002100000005001500021035002000036007000300056008004100059020001800100082002400118084003000142100001700172245010000189250000600289260007200295300003000367650001800397650001400415700001500429856003300444990002300477INLIS00000000000781920251210014447 a0010-1225000024ta251210 0 ind  a979-95503-1-9 a631.52:631.53:330.3 a631.52:631.53:330.3 WAH i0 aWAHYUNI, Sri1 aIlmu Pengetahuan Dan Teknologi Pemuliaan Dan Pemanfaatan Plasma Nutfah Menuju Ketahanan Ekonomi a- aBogor :bPengurus Pusat Perhimpunan Ilmu Pemuliaan Indonesia,c2001 a857p. :bIlus ;c25, 2 cm 4aPlasma Nutfah 4aPemuliaan0 aMulni Erfa aPerpustakaan BRMP Jawa Timur a725/2025/BRMPJATIM